Thi công công trình cảng

में बचाया:
ग्रंथसूची विवरण
मुख्य लेखक: Lâm, Văn Phong
अन्य लेखक: Nguyễn, Danh Thảo
स्वरूप: पुस्तक
भाषा:Undetermined
प्रकाशित: TP.HCM Đại học Quốc gia TP.HCM 2003
विषय:
ऑनलाइन पहुंच:http://lrc.tdmu.edu.vn/opac/search/detail.asp?aID=2&ID=3537
टैग : टैग जोड़ें
कोई टैग नहीं, इस रिकॉर्ड को टैग करने वाले पहले व्यक्ति बनें!
Thư viện lưu trữ: Trung tâm Học liệu Trường Đại học Thủ Dầu Một
LEADER 00664nam a2200205Ia 4500
001 TDMU_3537
008 210410s9999 xx 000 0 und d
082 |a 627 
090 |b L16 
100 |a Lâm, Văn Phong 
245 0 |a Thi công công trình cảng 
245 0 |c Lâm Văn Phong (Ch.b.), Nguyễn Danh Thảo 
260 |a TP.HCM 
260 |b Đại học Quốc gia TP.HCM 
260 |c 2003 
300 |a 263tr. 
650 |a Công trình cảng  |x Thi công 
700 |a Nguyễn, Danh Thảo 
856 |u http://lrc.tdmu.edu.vn/opac/search/detail.asp?aID=2&ID=3537 
980 |a Trung tâm Học liệu Trường Đại học Thủ Dầu Một